FC Barcelone - Transferts les plus chers - Statistiques

Statistiques générales
  • Ce quiz a été pris 173 fois
  • Le résultat moyen est 27 sur 50
Statistiques - réponses
Saison Pays Montant Provenance Réponse % Correct
19/20 France 120 M€ Atlético Madrid Antoine Griezmann
100%
19/20 Pays Bas 86 M€ Ajax Amsterdam Frenkie de Jong
99%
14/15 Uruguay 81 M€ Liverpool Luis Suárez
99%
13/14 Brésil 88 M€ Santos Neymar
99%
17/18 France 148 M€ Borussia Dortmund Ousmane Dembélé
99%
17/18 Brésil 135 M€ Liverpool Philippe Coutinho
96%
22/23 Brésil 58 M€ Leeds Raphinha
94%
22/23 Pologne 45 M€ Bayern Munich Robert Lewandowski
94%
22/23 France 50 M€ FC Séville Jules Koundé
93%
09/10 Suède 69 M€ Inter Milan Zlatan Ibrahimović
92%
24/25 Espagne 55 M€ RB Leipzig Dani Olmo
89%
20/21 Bosnie 60 M€ Juventus Miralem Pjanić
87%
21/22 Espagne 55 M€ Manchester City Ferran Torres
83%
18/19 Brésil 41 M€ Bordeaux Malcom
80%
03/04 Brésil 32 M€ PSG Ronaldinho
73%
15/16 Turquie 34 M€ Atlético Madrid Arda Turan
70%
18/19 Chili 18 M€ Bayern Munich Arturo Vidal
70%
25/26 Espagne 25 M€ Espanyol Barcelone Joan García
64%
17/18 Brésil 40 M€ Guangzhou FC Paulinho
63%
10/11 Espagne 40 M€ Valence CF David Villa
61%
19/20 Espagne 23 M€ Las Palmas Pedri
60%
16/17 France 25 M€ Lyon Samuel Umtiti
60%
04/05 Cameroun 28 M€ Majorque Samuel Eto'o
59%
18/19 France 35 M€ FC Séville Clément Lenglet
58%
11/12 Chili 27 M€ Udinese Alexis Sánchez
57%
17/18 Portugal 35 M€ Benfica Lisbonne Nélson Semedo
51%
07/08 France 24 M€ Arsenal Thierry Henry
50%
11/12 Brésil 35 M€ FC Séville Dani Alves
49%
15/16 Espagne 34 M€ Arsenal Cesc Fàbregas
48%
14/15 France 20 M€ Valence CF Jérémy Mathieu
47%
16/17 Portugal 37 M€ Valence CF André Gomes
42%
20/21 Portugal 30 M€ Sporting Lisbonne Francisco Trincão
42%
18/19 Brésil 31 M€ Grêmio Arthur Melo
39%
12/13 Cameroun 19 M€ Arsenal Alex Song
38%
23/24 Brésil 30 M€ Athletico-PR Vitor Roque
38%
97/98 Brésil 23 M€ Deportivo La Corogne Rivaldo
37%
10/11 Argentine 20 M€ Liverpool Javier Mascherano
35%
14/15 Belgique 19 M€ Arsenal Thomas Vermaelen
32%
04/05 Portugal 21 M€ FC Porto Deco
29%
20/21 Pays Bas 21 M€ PSV Sergiño Dest
27%
97/98 Brésil 27 M€ AS Monaco Sonny Anderson
16%
00/01 Pays Bas 29 M€ Arsenal Marc Overmars
13%
19/20 Brésil 26 M€ Valence CF Neto
13%
16/17 Espagne 30 M€ Valence CF Paco Alcácer
13%
01/02 Argentine 35 M€ River Plate Javier Saviola
11%
07/08 Argentine 20 M€ Real Saragosse Gabriel Milito
8%
19/20 Espagne 20 M€ Betis Seville Junior Firpo
8%
00/01 Espagne 21 M€ Valence CF Gerard López
7%
09/10 Ukraine 25 M€ Shakhtar Donetsk Dmytro Chygrynskyi
5%
00/01 Brésil 20 M€ Cruzeiro Geovanni
0%
Aucun quiz correspondant
Distribution des résultats
% des personnes avec chaque résultat
Percentile par nombre de réponses
Votre historique - résultats
Vous n’avez pas pris ce quiz